| 000 | 01341cam a22003134a 4500 | ||
|---|---|---|---|
| 001 | 13507264 | ||
| 003 | OSt | ||
| 005 | 20240626115754.0 | ||
| 008 | 040301s2004 dcua b f001 0 eng | ||
| 010 | _a 2004045527 | ||
| 020 | _a0821358235 | ||
| 040 | _cMUST | ||
| 042 | _apcc | ||
| 043 | _ad------ | ||
| 082 | 0 | 0 |
_a352.35 KUS 2004 _222 |
| 100 | 1 |
_aKusek, Jody Zall, _918035 |
|
| 245 | 1 | 0 |
_aTen steps to a results-based monitoring and evaluation system : _ba handbook for development practitioners / _cJody Zall Kusek, Ray C. Rist. |
| 260 |
_aWashington, DC : _bWorld Bank, _cc2004. |
||
| 300 |
_axiv, 248 p. : _bill. ; _c24 cm. |
||
| 504 | _aIncludes bibliographical references and index. | ||
| 650 | 0 |
_aGovernment productivity _zDeveloping countries _xEvaluation. _918036 |
|
| 650 | 0 |
_aPerformance standards _zDeveloping countries _xEvaluation. _918037 |
|
| 650 | 0 |
_aTotal quality management in government _zDeveloping countries _xEvaluation. _918038 |
|
| 650 | 0 |
_aPublic administration _zDeveloping countries _xEvaluation. _918039 |
|
| 700 | 1 |
_aRist, Ray C. _918040 |
|
| 906 |
_a7 _bcbc _corignew _d1 _eocip _f20 _gy-gencatlg |
||
| 942 |
_2ddc _cO_SHELF |
||
| 999 |
_c8914 _d8914 |
||